| 000 | 00639nam a2200205 a 4500 | ||
|---|---|---|---|
| 001 | BRCA_1416 | ||
| 005 | 20190320203421.0 | ||
| 008 | 861014s1984 mx-#---###---#000-0#spa-d | ||
| 020 | _a9681615972 | ||
| 050 | 4 |
_aF1211 _b.T38 1984 |
|
| 100 | 1 |
_aTavera Alfaro, Xavier _94624 |
|
| 245 | 1 | 0 |
_aViajes en México _bcrónicas mexicanas _cintroducción y selección de Xavier Tavera Alfaro. |
| 260 |
_aMéxico _bFCE _c1984 |
||
| 300 |
_a2 v. _c17 cm. |
||
| 440 | 0 |
_aSEP/80 _v52 _94625 |
|
| 650 | 1 | 4 |
_aViajeros _vFuentes _xHistoria _ySiglo XIX _94626 |
| 651 | 4 |
_aMéxico _xDescripción y viajes _9103 |
|
| 653 | 0 | _aViajeros extranjeros | |
| 942 |
_2lcc _cB |
||
| 999 |
_c1278 _d1278 |
||